000 00495nam a22001817a 4500
005 20240902134413.0
008 240902b |||||||| |||| 00| 0 eng d
020 _a978-93-93159-85-4
041 _aeng
082 _a621.381 CHA
100 _aCHATOPADHYAY, D AND RAKSHIT, P.C.
_98496
245 _aELECTRONICS FUNDAMENTALS AND APPLICATIONS
250 _a17TH ED,
260 _aNEW DELHI
_bNEW AGE INTERNATIONAL PUBLISHERS
_c2023
300 _a752;P
650 _aBMLT
_98487
942 _cBK
999 _c8629
_d8627